Fleur froide - Tayc - Statistiques

Statistiques générales
  • Ce quiz a été pris 16 fois
  • Le résultat moyen est 11 sur 18
Statistiques - réponses
Réponse % Correct
5 N’y pense plus
92%
1 Cette vie
83%
6 Comme toi
75%
16 Parle moi
75%
15 5 ans
67%
14 Mieux
67%
13 Et si
58%
3 Le miel
58%
10 Qui
58%
18 Ride
58%
17 Toxic boy
58%
9 African sugar
50%
4 Haine colorée
50%
12 J’ai mal
50%
7 Vous deux
50%
8 Baby papa
42%
11 Better
42%
2 Vrai og
42%
Aucun quiz correspondant
Distribution des résultats
% des personnes avec chaque résultat
Percentile par nombre de réponses
Votre historique - résultats
Vous n’avez pas pris ce quiz